Online
Catalog

Partidas selectas de Botvinnik / (Record no. 18048)

MARC details
000 -CABECERA
campo de control de longitud fija 00730nam a2200193 a 4500
001 - NÚMERO DE CONTROL
campo de control 000018528
005 - FECHA Y HORA DE LA ÚLTIMA TRANSACCIÓN
campo de control 20200929165822.0
008 - DATOS DE LONGITUD FIJA--INFORMACIÓN GENERAL
campo de control de longitud fija 100511s1959 ag a r 000 0 spa d
040 ## - FUENTE DE LA CATALOGACIÓN
Centro catalogador/agencia de origen DO-SdBNP
Lengua de catalogación spa
Centro/agencia transcriptor BNPHU
082 ## - NÚMERO DE LA CLASIFICACIÓN DECIMAL DEWEY
Número de clasificación xxxx
Número de documento/Ítem C998
100 1# - ENTRADA PRINCIPAL--NOMBRE DE PERSONA
Nombre de persona Czerniak, Miguel
9 (RLIN) 40066
245 10 - MENCIÓN DE TÍTULO
Título Partidas selectas de Botvinnik /
Mención de responsabilidad, etc. Miguel Czerniak.
250 ## - MENCIÓN DE EDICIÓN
Mención de edición 3a ed.
260 ## - PUBLICACIÓN, DISTRIBUCIÓN, ETC.
Lugar de publicación, distribución, etc. Buenos Aires :
Nombre del editor, distribuidor, etc. Sopena Argentina,
Fecha de publicación, distribución, etc. 1959.
300 ## - DESCRIPCIÓN FÍSICA
Extensión 270 p. :
Otras características físicas il ;
Dimensiones 24 cm.
490 1# - MENCIÓN DE SERIE
Mención de serie Nueva Biblioteca de Ajedrez
500 ## - NOTA GENERAL
Nota general En la portada: Ciento diez magníficas partidas del famoso campeón soviético, todas ellas conducidas con la suprema lógica y el inigualado ingenio que lo caracterizan
830 #0 - PUNTO DE ACCESO ADICIONAL DE SERIE-TÍTULO UNIFORME
Título uniforme Nueva Biblioteca de Ajedrez
9 (RLIN) 40067
Holdings
Estado de retiro Estado de pérdida Restricciones de uso No para préstamo Código de colección Localización permanente Ubicación/localización actual Ubicación en estantería Fecha de adquisición Número de inventario Total de préstamos Signatura topográfica completa Código de barras Fecha visto por última vez Precio válido a partir de Tipo de ítem Koha
        Monografías: Libros y Folletos General General En catalogación 11.05.2010 LF1   xxxx C998 18528-10 25.06.2020 25.06.2020 Préstamo en sala

Powered by Koha